<?xml version="1.0" encoding="UTF-8"?>
<record
    xmlns:xsi="http://www.w3.org/2001/XMLSchema-instance"
    xsi:schemaLocation="http://www.loc.gov/MARC21/slim http://www.loc.gov/standards/marcxml/schema/MARC21slim.xsd"
    xmlns="http://www.loc.gov/MARC21/slim">

  <leader>01089nam a22001937a 4500</leader>
  <controlfield tag="008">240910s2022    mx ||||| |||| 00| 0 spa d</controlfield>
  <datafield tag="050" ind1=" " ind2=" ">
    <subfield code="a">TNA LB2838</subfield>
    <subfield code="b">V39 2022</subfield>
  </datafield>
  <datafield tag="100" ind1=" " ind2=" ">
    <subfield code="a">V&#xE1;squez Rivera, Gloria Ivett</subfield>
    <subfield code="e">sustentante</subfield>
  </datafield>
  <datafield tag="245" ind1=" " ind2=" ">
    <subfield code="a">Evaluaci&#xF3;n de desempe&#xF1;o como instrumento pedag&#xF3;gico para el cargo de instalador Affermarket</subfield>
    <subfield code="c">/ tesina para obtener el t&#xED;tulo de Licenciatura en Psicolog&#xED;a, presenta Mar&#xED;a Fernanda M&#xE9;ndez Morales; asesor Blanca Perla Ruiz Viveros</subfield>
  </datafield>
  <datafield tag="260" ind1=" " ind2=" ">
    <subfield code="a">M&#xE9;xico</subfield>
    <subfield code="b">: s/f</subfield>
    <subfield code="c">, 2022</subfield>
  </datafield>
  <datafield tag="300" ind1=" " ind2=" ">
    <subfield code="a">114 p&#xE1;ginas</subfield>
  </datafield>
  <datafield tag="500" ind1=" " ind2=" ">
    <subfield code="a">Incluye: Agradecimientos; Contenido; Introducci&#xF3;n; Bibliograf&#xED;a</subfield>
  </datafield>
  <datafield tag="505" ind1=" " ind2=" ">
    <subfield code="a">1.Historia de Road Track M&#xE9;xico 
2.Estructura organizada 
3. Evaluaci&#xF3;n de desempe&#xF1;o 
4.Propuesta de instrumento</subfield>
  </datafield>
  <datafield tag="519" ind1=" " ind2=" ">
    <subfield code="a"> Plan UNAM / Psicolog&#xED;a / Historia de la psicolog&#xED;a (1101) </subfield>
    <subfield code="d"> (11 000174)</subfield>
  </datafield>
  <datafield tag="650" ind1=" " ind2=" ">
    <subfield code="a">EVALUACI&#xD3;N DEL DESEMPE&#xD1;O</subfield>
  </datafield>
  <datafield tag="710" ind1="2" ind2=" ">
    <subfield code="a">Universidad Nacional Aut&#xF3;noma de M&#xE9;xico, </subfield>
    <subfield code="e">instituci&#xF3;n que otorga el t&#xED;tulo</subfield>
  </datafield>
  <datafield tag="710" ind1="2" ind2=" ">
    <subfield code="a">Universidad Insurgentes (M&#xE9;xico). </subfield>
    <subfield code="e">Plantel Xola |e entidad participante </subfield>
  </datafield>
  <datafield tag="942" ind1=" " ind2=" ">
    <subfield code="2">lcc</subfield>
    <subfield code="c">LB</subfield>
  </datafield>
  <datafield tag="952" ind1=" " ind2=" ">
    <subfield code="0">0</subfield>
    <subfield code="1">0</subfield>
    <subfield code="2">lcc</subfield>
    <subfield code="4">0</subfield>
    <subfield code="7">0</subfield>
    <subfield code="a">11</subfield>
    <subfield code="b">11</subfield>
    <subfield code="d">2024-09-10</subfield>
    <subfield code="l">0</subfield>
    <subfield code="o">TNA LB2838 V39 2022</subfield>
    <subfield code="p">11 000081</subfield>
    <subfield code="r">2024-09-10</subfield>
    <subfield code="t">1</subfield>
    <subfield code="w">2024-09-10</subfield>
    <subfield code="y">LB</subfield>
    <subfield code="f"></subfield>
  </datafield>
  <datafield tag="999" ind1=" " ind2=" ">
    <subfield code="c">228669</subfield>
    <subfield code="d">228669</subfield>
  </datafield>
</record>
